| 000 | 00507nam a2200181 i 4500 | ||
|---|---|---|---|
| 001 | 29764 | ||
| 003 | ES-MaACL | ||
| 005 | 20250920063033.0 | ||
| 007 | t| | ||
| 008 | 030122s1912 fr ||||1| fre d | ||
| 100 | 1 |
_aBarrès, Maurice, _d1862-1923 _925947 |
|
| 245 | 1 | 0 |
_aGreco on le secret de Tolede / _cMaurice Barrés. |
| 260 |
_aParís : _b[s.n., _c1912] ( _fChaix et Cie) |
||
| 300 |
_a187 p. ; _c19 cm. |
||
| 600 | 0 | 4 |
_aEl Greco. _946893 |
| 852 |
_aES-MaACL _jF-407 |
||
| 999 |
_c29764 _d29764 |
||